000 00515nam a22001217a 4500
020 _a0-8273-2591-6
082 _a629.243 WEB'A
100 _aWEBSTER, JAY
_968056
245 _aAUTOMOTIVE SUSPENSION STEERING AND BRAKES
260 _aNEWYORK
_bDELAR
_c1987
650 _aAUTOMOBILES SPRING AND SUSPENSIONS AUTOMOBILES SPRINGS AND SUSPENSION MAINTENANCE AND REPAIR AUTOMOTIVE STEERING GEARS AUTOMOBILES STEERING GEARS MAINTENANCE AND REPAIR AUTOMOBILE BRAKES AUTOMOBILES BRAKES MAINTENANCE REPAIR
_968057
942 _cBK
999 _c575714
_d575714